Govt. of
Madhya Pradesh

Selected stories of amrita pritam (Record no. 69008)

MARC details
000 -LEADER
fixed length control field 00276nam a22001097a 4500
082 ## - DEWEY DECIMAL CLASSIFICATION NUMBER
Classification number 823/SIN
100 ## - MAIN ENTRY--AUTHOR NAME
Personal name Tr. by Kaur,Amritbir
245 ## - TITLE STATEMENT
Title Selected stories of amrita pritam
260 ## - PUBLICATION, DISTRIBUTION, ETC. (IMPRINT)
Place of publication New Delhi
Name of publisher National book trust, india
Year of publication 2024
650 ## - SUBJECT ADDED ENTRY--TOPICAL TERM
Topical Term Stories
942 ## - ADDED ENTRY ELEMENTS (KOHA)
Koha item type Books
Holdings
Withdrawn status Lost status Damaged status Not for loan Home library Current library Date acquired Cost, normal purchase price Full call number Accession Number Price effective from Koha item type
        MACL MACL 09/04/2026 400.00 823/SIN CRE040474 09/04/2026 Books